[Event "AUTO-OPEN-3305"]
[Site "http://www.queenalice.com/game.php?id=1319897"]
[Date "2014.11.2"]
[Round "2"]
[White "Penge1994"]
[Black "Evandrobit"]
[Result "0-1"]
[WhiteElo "1913"]
[BlackElo "2305"]

1. e4 c5 2. Nf3 d6 3. d4 cxd4 4. Nxd4 Nf6 5. Nc3 a6 6. Bg5 e6 7. f4 Be7 8. Qf3
Qc7 9. O-O-O Nbd7 10. g4 b5 11. Bxf6 Nxf6 12. g5 Nd7 13. f5 Ne5 14. Qg3 b4 15.
Nce2 exf5 16. Bg2 fxe4 17. Bxe4 Rb8 18. Nf4 Bg4 19. Nd5 Bxg5+ 20. Kb1 Qd8 0-1

[Event "AUTO-MASTER-2134"]
[Site "http://www.queenalice.com/game.php?id=1326474"]
[Date "2014.12.6"]
[Round "2"]
[White "Evandrobit"]
[Black "hatu"]
[Result "1-0"]
[WhiteElo "2321"]
[BlackElo "2123"]

1. e4 c5 2. c3 d5 3. exd5 Qxd5 4. d4 Nf6 5. Nf3 e6 6. Bd3 Be7 7. O-O O-O 8. Be3
Nc6 9. h3 c4 10. Bc2 Bd7 11. Nbd2 Bd6 12. b3 cxb3 13. axb3 Be7 14. Re1 Bd6 15.
Ng5 Ne7 16. Nde4 Nxe4 17. Bxe4 Qb5 18. Bxh7+ Kh8 19. Qh5 Qxg5 20. Bxg5 Ng8 21.
Bd3+ Nh6 22. Bxh6 f5 23. Bf4+ Kg8 24. Bxd6 Rfe8 25. Bc4 Rac8 26. Qg6 Rc6 27.
Bxe6+ Rxe6 28. Rxe6 Bxe6 29. Qxe6+ Kh7 30. Ra5 Rxc3 31. Rxf5 Rc1+ 32. Kh2 Rc6
33. Rh5# 1-0

[Event "AUTO-MASTER-2134"]
[Site "http://www.queenalice.com/game.php?id=1326475"]
[Date "2014.12.6"]
[Round "2"]
[White "hatu"]
[Black "Evandrobit"]
[Result "1-0"]
[WhiteElo "2117"]
[BlackElo "2321"]

1. e4 c6 2. d4 d5 3. e5 Bf5 4. Nf3 e6 5. Be2 Nd7 6. O-O h6 7. b3 Ne7 8. c4 c5 9.
Bb2 Nc6 10. cxd5 exd5 11. Nc3 Be4 12. Rc1 Bxf3 13. Bxf3 cxd4 14. Nb5 Ndxe5 15.
Qe2 Be7 16. Bxd5 a6 17. Bxc6+ Nxc6 18. Rxc6 bxc6 19. Nxd4 Qd7 20. Qc2 O-O 21.
Nf5 Rfb8 22. Rd1 Qe6 23. Nxg7 Qg6 24. Nf5 Kh7 25. Rd7 Rb5 26. g4 Re8 27. Kf1 Bb4
28. Rxf7+ Qxf7 29. Ne7+ Rf5 30. Nxf5 Re1+ 31. Kg2 Qd5+ 32. Kg3 Rg1+ 33. Kh4 Qd2
34. Qxd2 Bxd2 35. Ng3 Rg2 36. Ne4 Bf4 37. h3 1-0

[Event "AUTO-MASTER-2134"]
[Site "http://www.queenalice.com/game.php?id=1326476"]
[Date "2014.12.6"]
[Round "2"]
[White "Evandrobit"]
[Black "FabioSelinger"]
[Result "1-0"]
[WhiteElo "2324"]
[BlackElo "2131"]

1. e4 c5 2. c3 d5 3. exd5 Qxd5 4. d4 cxd4 5. cxd4 Nc6 6. Nf3 e5 7. Nc3 Bb4 8.
Bd2 Bxc3 9. Bxc3 e4 10. Ne5 Nxe5 11. dxe5 Ne7 12. Qxd5 Nxd5 13. Bb5+ Kf8 14. Bd4
Be6 15. O-O g6 16. Rfe1 Bf5 17. Rac1 a6 18. Bc4 Nb4 19. Bc5+ 1-0

[Event "AUTO-MASTER-2134"]
[Site "http://www.queenalice.com/game.php?id=1326477"]
[Date "2014.12.6"]
[Round "2"]
[White "FabioSelinger"]
[Black "Evandrobit"]
[Result "0-1"]
[WhiteElo "2105"]
[BlackElo "2335"]

1. e4 Nf6 2. d3 e5 3. Nc3 d5 4. g3 dxe4 5. Bg5 exd3 6. Bxd3 Be7 7. Nge2 Nc6 8.
a3 h6 9. Bxf6 Bxf6 10. Ne4 Be7 11. O-O Be6 12. Bb5 O-O 13. Bd3 f5 14. N4c3 e4
15. Bb5 Ne5 16. Nf4 Nf3+ 17. Kg2 Bf7 18. Be2 Ne5 19. Qc1 c6 20. Rd1 Qc7 21. Qe3
b6 22. Rd2 Bc5 23. Rd4 Bxd4 24. Qxd4 Rad8 25. Qe3 Nc4 26. Bxc4 Bxc4 27. b3 Bf7
28. h4 Qe5 29. Re1 Qd4 30. Qxd4 Rxd4 31. Re2 Rfd8 32. Nb1 Rd1 33. Nc3 R1d2 34.
Kf1 g5 35. hxg5 hxg5 36. Ng2 Bh5 37. Rxd2 Rxd2 38. Ne1 Bf3 39. Nb1 Rd7 40. Nc3
Rh7 41. Nxf3 exf3 42. Ke1 Rd7 43. Nb1 Re7+ 44. Kf1 Re2 0-1

[Event "AUTO-OPEN-3325"]
[Site "http://www.queenalice.com/game.php?id=1328865"]
[Date "2014.12.18"]
[Round "2"]
[White "bonow"]
[Black "Evandrobit"]
[Result "1-0"]
[WhiteElo "2205"]
[BlackElo "2333"]

1. e4 d5 2. exd5 Qxd5 3. Nc3 Qa5 4. Be2 Nf6 5. Nf3 Bf5 6. Nd4 Bg6 7. Nb3 Qb6 8.
O-O c6 9. d3 e6 10. Be3 Qc7 11. f4 Nd5 12. Nxd5 cxd5 13. c4 dxc4 14. Rc1 Nc6 15.
Rxc4 Be7 16. Nd4 Qd7 17. Nxc6 bxc6 18. Qc2 Rd8 19. Rxc6 Bxd3 20. Bxd3 Qxd3 21.
Qxd3 Rxd3 22. Rc8+ Bd8 23. Bxa7 h5 24. b4 h4 25. a4 h3 26. g3 Kd7 27. Rb8 Rh5
28. Bb6 Bxb6+ 29. Rxb6 Rhd5 30. Rb5 1-0

[Event "AUTO-OPEN-3325"]
[Site "http://www.queenalice.com/game.php?id=1328866"]
[Date "2014.12.18"]
[Round "2"]
[White "Evandrobit"]
[Black "bonow"]
[Result "1-0"]
[WhiteElo "2342"]
[BlackElo "2231"]

1. e4 c5 2. c3 Nf6 3. e5 Nd5 4. d4 cxd4 5. Nf3 Nc6 6. cxd4 d6 7. Bc4 Nb6 8. Bb3
dxe5 9. Nxe5 Nxe5 10. dxe5 e6 11. Qxd8+ Kxd8 12. O-O Bd7 13. Nc3 Rc8 14. Rd1 Nc4
15. f4 Bc5+ 16. Kh1 Be7 17. Ba4 Nb6 18. Bxd7 Nxd7 19. Be3 a6 20. Na4 Ke8 21.
Rxd7 Kxd7 22. Nb6+ Kd8 23. Rd1+ Kc7 24. Rc1+ Kb8 25. Nxc8 Rxc8 26. Ba7+ 1-0

[Event "AUTO-OPEN-3325"]
[Site "http://www.queenalice.com/game.php?id=1328869"]
[Date "2014.12.18"]
[Round "2"]
[White "breizatao"]
[Black "Evandrobit"]
[Result "1/2-1/2"]
[WhiteElo "2425"]
[BlackElo "2318"]

1. Nf3 Nf6 2. d4 e6 3. e3 b6 4. Bd3 Bb7 5. O-O Be7 6. b3 c5 7. Bb2 O-O 8. Nbd2
d5 9. Ne5 Nc6 10. f4 Rc8 11. a3 a6 12. Nxc6 Rxc6 13. Qe2 b5 14. c4 bxc4 15. bxc4
cxd4 16. Bxd4 Bc5 17. Bxc5 Rxc5 18. Nb3 Rc7 19. c5 Qe7 20. Rfc1 e5 21. Rab1 Re8
22. Qd2 exf4 23. exf4 Ne4 24. Bxe4 dxe4 25. Qd6 e3 26. Qxe7 Rcxe7 27. c6 Bc8 28.
Rc3 f6 29. Re1 h5 30. Nd4 Re4 31. Nc2 e2 32. g3 g5 33. fxg5 fxg5 34. Kf2 Rf8+
35. Kg2 a5 36. Rc5 Rf5 37. Rxf5 Bxf5 38. Kf2 Rc4 39. Ne3 Rxc6 40. Nxf5 Rf6 41.
Kxe2 Rxf5 42. Rb1 Kf7 43. Rb6 g4 44. a4 Ke7 45. Rh6 Rc5 46. Kd3 Rf5 47. Kd4 Kd7
48. Ke4 Rc5 49. Kd3 Rf5 50. Kd4 1/2-1/2

[Event "AUTO-OPEN-3325"]
[Site "http://www.queenalice.com/game.php?id=1328870"]
[Date "2014.12.18"]
[Round "2"]
[White "Evandrobit"]
[Black "breizatao"]
[Result "0-1"]
[WhiteElo "2327"]
[BlackElo "2419"]

1. e4 e5 2. Nf3 Nc6 3. d4 exd4 4. Nxd4 Bc5 5. Nxc6 Qf6 6. Qd2 dxc6 7. Nc3 Bd4 8.
Bd3 Ne7 9. O-O Ng6 10. Kh1 Ne5 11. Na4 Ng4 12. Kg1 Qd6 13. g3 O-O 14. Qe2 b5 15.
Nc3 Qg6 16. Qd1 Qh5 17. h4 Qc5 18. Qe1 f5 19. Bf4 Ne5 20. Qe2 Ng6 21. e5 Bb7 22.
Rae1 Rae8 23. Qf3 Bc8 24. Nd1 Nxe5 25. Bxe5 Bxe5 26. Re2 Be6 27. Rfe1 Bd5 28.
Qe3 Qd6 29. f4 Bxb2 30. Qxe8 Bd4+ 31. Kf1 Rxe8 32. Rxe8+ Kf7 33. Bxf5 g6 34. Bd3
Bxa2 35. h5 Kg7 36. hxg6 hxg6 37. Nf2 Bf7 38. R8e2 Bxf2 39. Kxf2 a5 0-1

[Event "AUTO-MASTER-2137"]
[Site "http://www.queenalice.com/game.php?id=1339787"]
[Date "2015.2.6"]
[Round "2"]
[White "jacconsultoria"]
[Black "Evandrobit"]
[Result "1-0"]
[WhiteElo "2177"]
[BlackElo "2350"]

1. c4 e5 2. Nc3 Nc6 3. g3 g6 4. Bg2 Bg7 5. Nf3 Nf6 6. O-O O-O 7. d4 exd4 8. Nxd4
a6 9. Nxc6 bxc6 10. Bg5 h6 11. Bf4 1-0

[Event "AUTO-MASTER-2137"]
[Site "http://www.queenalice.com/game.php?id=1339789"]
[Date "2015.2.6"]
[Round "2"]
[White "Pagano"]
[Black "Evandrobit"]
[Result "0-1"]
[WhiteElo "2039"]
[BlackElo "2317"]

1. e4 c5 2. Nf3 d6 3. c3 Nf6 4. Bc4 e6 5. d3 Be7 6. O-O O-O 7. Nbd2 Nc6 8. a3 a6
9. Re1 b5 10. Ba2 Bb7 11. e5 dxe5 12. Nxe5 Nxe5 13. Rxe5 Qxd3 0-1

[Event "AUTO-MASTER-2137"]
[Site "http://www.queenalice.com/game.php?id=1339790"]
[Date "2015.2.6"]
[Round "2"]
[White "Evandrobit"]
[Black "Pagano"]
[Result "1-0"]
[WhiteElo "2323"]
[BlackElo "2044"]

1. e4 c6 2. d4 d5 3. Nc3 dxe4 4. Nxe4 Nd7 5. Nf3 Ngf6 6. Ng3 e6 7. Bd3 Be7 8.
O-O O-O 9. b3 c5 10. Bb2 cxd4 11. Nxd4 Nc5 12. Bc4 a6 13. Qf3 Rb8 14. Rad1 Qc7
15. Rfe1 b5 16. Nc6 Bb7 17. Nxe7+ Qxe7 18. Qf4 bxc4 19. Nf5 Qe8 20. Qg5 Nh5 21.
Bxg7 1-0

[Event "AUTO-OPEN-3305"]
[Site "http://www.queenalice.com/game.php?id=1352967"]
[Date "2015.4.11"]
[Round "3"]
[White "janeil"]
[Black "Evandrobit"]
[Result "1-0"]
[WhiteElo "2476"]
[BlackElo "2329"]

1. e4 c6 2. d4 d5 3. e5 Bf5 4. Nf3 e6 5. Be2 c5 6. Be3 Qb6 7. Nc3 Nc6 8. O-O Rc8
9. dxc5 Qxb2 10. Qe1 Be4 11. Rb1 Qxc2 12. Ng5 Bg6 13. Rxb7 a6 14. Bxa6 d4 15.
Nb5 dxe3 16. fxe3 Bxc5 17. Nxf7 Bxf7 18. Rbxf7 Nxe5 19. Rxg7 1-0

[Event "AUTO-OPEN-3305"]
[Site "http://www.queenalice.com/game.php?id=1352968"]
[Date "2015.4.11"]
[Round "3"]
[White "Evandrobit"]
[Black "janeil"]
[Result "0-1"]
[WhiteElo "2303"]
[BlackElo "2494"]

1. d4 Nf6 2. c4 e6 3. Nc3 Bb4 4. e3 O-O 5. Ne2 d5 6. a3 Be7 7. Nf4 c6 8. Bd3
dxc4 9. Bxc4 Nbd7 10. O-O e5 11. dxe5 Nxe5 12. Ba2 Qc7 13. Qc2 Rd8 14. Ncd5 Nxd5
15. Nxd5 Qd7 16. Nxe7+ Qxe7 17. e4 Be6 18. Bxe6 Qxe6 19. f3 Rd7 20. Rd1 Rad8 21.
Be3 b6 22. b4 h6 23. Rxd7 Rxd7 24. Rd1 Rxd1+ 0-1

[Event "AUTO-OPEN-3305"]
[Site "http://www.queenalice.com/game.php?id=1352973"]
[Date "2015.4.11"]
[Round "3"]
[White "Evandrobit"]
[Black "Huevo"]
[Result "1-0"]
[WhiteElo "2328"]
[BlackElo "1760"]

1. d4 Nf6 2. Nf3 d5 3. c4 c6 4. e3 Bf5 5. Nc3 e6 6. Bd3 Bg6 7. Qc2 Nbd7 8. e4
Bb4 9. exd5 Bxc3+ 10. bxc3 exd5 11. cxd5 Nxd5 12. O-O 1-0

[Event "AUTO-OPEN-3305"]
[Site "http://www.queenalice.com/game.php?id=1352974"]
[Date "2015.4.11"]
[Round "3"]
[White "Huevo"]
[Black "Evandrobit"]
[Result "0-1"]
[WhiteElo "1762"]
[BlackElo "2327"]

1. e4 c6 2. d4 d5 3. e5 Bf5 4. f4 e6 5. Nf3 c5 6. Be3 Qb6 7. b3 Nc6 8. c3 Bxb1
9. Rxb1 cxd4 10. cxd4 Bb4+ 11. Kf2 Nh6 12. h3 Nf5 0-1

[Event "AUTO-MASTER-2135"]
[Site "http://www.queenalice.com/game.php?id=1359382"]
[Date "2015.5.14"]
[Round "2"]
[White "expectnomercy"]
[Black "Evandrobit"]
[Result "0-1"]
[WhiteElo "2189"]
[BlackElo "2305"]

1. e4 e5 2. Nf3 Nc6 3. Bb5 a6 4. Ba4 Nge7 5. O-O g6 6. c3 Bg7 7. d4 exd4 8. cxd4
d5 9. e5 O-O 10. Nc3 Bg4 11. Be3 f6 12. exf6 Rxf6 13. Qe2 Bxf3 14. gxf3 Re6 15.
Qd2 Nf5 16. Bxc6 bxc6 17. Kh1 Qf6 18. Rad1 Nh4 19. f4 Qf5 20. f3 Qh3 21. Qf2
Rxe3 0-1

[Event "AUTO-MASTER-2135"]
[Site "http://www.queenalice.com/game.php?id=1359383"]
[Date "2015.5.14"]
[Round "2"]
[White "Evandrobit"]
[Black "expectnomercy"]
[Result "0-1"]
[WhiteElo "2314"]
[BlackElo "2180"]

1. d4 d5 2. c4 e6 3. Nf3 Nf6 4. Nc3 Be7 5. e3 O-O 6. b3 b6 7. Bd3 Bb7 8. Bb2
Nbd7 9. O-O c5 10. cxd5 Nxd5 11. Rc1 Nxc3 12. Rxc3 cxd4 13. Nxd4 Nc5 14. Bb1 Rc8
15. b4 Ne4 16. Rxc8 Qxc8 17. Bxe4 Bxe4 18. Qg4 Bg6 19. Rc1 Qd7 20. Nc6 Re8 21.
Qd4 Qxd4 0-1

[Event "AUTO-MASTER-2135"]
[Site "http://www.queenalice.com/game.php?id=1359384"]
[Date "2015.5.14"]
[Round "2"]
[White "Franzel"]
[Black "Evandrobit"]
[Result "1/2-1/2"]
[WhiteElo "2424"]
[BlackElo "2301"]

1. d4 Nf6 2. c3 e6 3. Nf3 b6 4. g3 Bb7 5. Bg2 Be7 6. O-O O-O 7. Re1 d5 8. Bf4 c5
9. Nbd2 Nh5 10. Be3 Nd7 11. Ne5 Nxe5 12. dxe5 f5 13. exf6 Nxf6 14. Bf4 Nd7 15.
e4 e5 16. exd5 exf4 17. d6 Bxd6 18. Bxb7 Rb8 19. Nc4 Bc7 20. Bc6 Nf6 21. Qf3
fxg3 22. hxg3 Rf7 23. Ne3 Qf8 24. Bb5 Kh8 1/2-1/2

[Event "AUTO-MASTER-2135"]
[Site "http://www.queenalice.com/game.php?id=1359385"]
[Date "2015.5.14"]
[Round "2"]
[White "Evandrobit"]
[Black "Franzel"]
[Result "1/2-1/2"]
[WhiteElo "2297"]
[BlackElo "2427"]

1. d4 Nf6 2. c4 e6 3. Nc3 d5 4. Nf3 Be7 5. g3 O-O 6. Bg2 c5 7. cxd5 exd5 8. O-O
Nc6 9. Bg5 c4 10. Ne5 Be6 11. Nxc6 bxc6 12. Re1 h6 13. Bf4 Re8 14. e4 dxe4 15.
Nxe4 Nd5 16. Bd2 Qb6 17. Bc3 a5 18. Nd2 Qb5 19. a4 Qa6 20. Qh5 Bb4 21. Ne4 Qa7
22. Rac1 Rad8 23. f4 f5 24. Nf2 1/2-1/2